A Handbook for Understanding Arabic And English Literary and Linguistic Terms / (Record no. 106144)
[ view plain ]
| 000 -الفاتح | |
|---|---|
| عناصر البيانات ثابتة الطول | 00625cam a2200205 i 4500 |
| 005 - تاريخ ووقت آخر معاملة | |
| حقل ضبط | 20260211113854.0 |
| 008 - عناصر البيانات ثابتة الطول | |
| عناصر البيانات ثابتة الطول | 250721s2006 jo gr 000 0 eng d |
| 082 14 - رقم تصنيف ديوي العشري | |
| رقم التصنيف | 428.24 |
| رقم المادة | N A J |
| 100 1# - مدخل رئيسي – اسم شخصي | |
| الاسم الشخصي | Al - Najjar, Salah |
| علاقة الشخص بالعمل/ دوره | Author. |
| 245 12 - بيان العنوان | |
| العنوان | A Handbook for Understanding Arabic And English Literary and Linguistic Terms / |
| بيان المسؤولية | salah N.al-najjar. |
| 264 31 - بيانات النشر، التوزيع…إلخ | |
| مكان النشر، التوزيع...إلخ | amman : |
| اسم الناشر، الموزع...إلخ | dar al-alamiah, |
| تاريخ النشر، التوزيع...إلخ | 2006. |
| 300 ## - الوصف المادي | |
| عدد الوحدات المكونة للوعاء | 62 Page. |
| 650 17 - مدخل إضافي بالموضوع - مصطلح موضوعي | |
| مصطلح موضوعي أو اسم جغرافي كعنصر مدخل | ENGLISH LANGUAGE. |
| 650 17 - مدخل إضافي بالموضوع - مصطلح موضوعي | |
| مصطلح موضوعي أو اسم جغرافي كعنصر مدخل | BOOKS. |
| 650 17 - مدخل إضافي بالموضوع - مصطلح موضوعي | |
| مصطلح موضوعي أو اسم جغرافي كعنصر مدخل | LEARNING. |
| 650 17 - مدخل إضافي بالموضوع - مصطلح موضوعي | |
| مصطلح موضوعي أو اسم جغرافي كعنصر مدخل | LITERATURE. |
| 650 17 - مدخل إضافي بالموضوع - مصطلح موضوعي | |
| مصطلح موضوعي أو اسم جغرافي كعنصر مدخل | ARABIC LANGUAGE. |
| 942 ## - بيانات إضافية (كوها) | |
| نوع التنصيف | Dewey Decimal Classification |
| نوع المادة (كوها) | References |
| حالة السحب | حالة الفقدان | مصدر التصنيف | حالة التلف | غير قابل للإعارة | المكتبة الرئيسية | المكتبة الحالية | موقع الرف | تاريخ التزويد | رقم المخزون | Total Checkouts | رقم الإستدعاء | الباركود | تاريخ آخر ظهور | تاريخ الفاتورة | نوع المادة (كوها) |
|---|---|---|---|---|---|---|---|---|---|---|---|---|---|---|---|
| Dewey Decimal Classification | المكتبة المركزية | المكتبة المركزية | مراجع | 28/07/2025 | 1090651 | 428.24 / N A J | 1090651 | 28/07/2025 | 28/07/2025 | References | |||||
| Dewey Decimal Classification | مكتبة أبو علندا العامة | مكتبة أبو علندا العامة | الإعارة | 28/07/2025 | 1090670 | 428.24/NAJ | 1090670 | 28/07/2025 | 28/07/2025 | References | |||||
| Dewey Decimal Classification | مكتبة أم قصير والمقابلين العامة | مكتبة أم قصير والمقابلين العامة | الإعارة | 28/07/2025 | 1090669 | 428.24/NAJ | 1090669 | 28/07/2025 | 28/07/2025 | References | |||||
| Dewey Decimal Classification | مكتبة الأميرة ايمان العامة | مكتبة الأميرة ايمان العامة | الإعارة | 28/07/2025 | 1090661 | 428.24/NAJ | 1090661 | 28/07/2025 | 28/07/2025 | References | |||||
| Dewey Decimal Classification | مكتبة الاميرة بديعة | مكتبة الاميرة بديعة | الإعارة | 28/07/2025 | 1090664 | 428.24/NAJ | 1090664 | 28/07/2025 | 28/07/2025 | References | |||||
| Dewey Decimal Classification | مكتبة الجويدة | مكتبة الجويدة | الإعارة | 28/07/2025 | 1090665 | 428.24/NAJ | 1090665 | 28/07/2025 | 28/07/2025 | References | |||||
| Dewey Decimal Classification | مكتبة النصر العامة | مكتبة النصر العامة | الإعارة | 28/07/2025 | 1090672 | 428.24/NAJ | 1090672 | 28/07/2025 | 28/07/2025 | References | |||||
| Dewey Decimal Classification | Not For Loan | مكتبة تاريخ الأردن | مكتبة تاريخ الأردن | مراجع | 28/07/2025 | 1090675 | 428.24/NAJ | 1090675 | 28/07/2025 | 28/07/2025 | References | ||||
| Dewey Decimal Classification | مكتبة حمزة العامة | مكتبة حمزة العامة | الإعارة | 28/07/2025 | 1090667 | 428.24/NAJ | 1090667 | 28/07/2025 | 28/07/2025 | References | |||||
| Dewey Decimal Classification | مكتبة صويلح العامة | مكتبة صويلح العامة | الإعارة | 28/07/2025 | 1090662 | 428.24/NAJ | 1090662 | 28/07/2025 | 28/07/2025 | References |